[Event "28th Capablanca Memorial"]
[Site "Cuba"]
[Date "1993.??.??"]
[Round "1"]
[White "Zarnicki, Pablo"]
[Black "Howell, James"]
[Result "1-0"]
[WhiteElo "2470"]
[BlackElo "2470"]
[EventDate "1993.??.??"]
[PlyCount "77"]

1.e4 e5 2.Nf3 Nf6 3.d4 Nxe4 4.Bd3 d5 5.Nxe5 Nd7 6.Nxd7 Bxd7 7.O-O Qh4 8.c4
O-O-O 9.c5 g5 10.Nc3 Bg7 11.g3 Qh3 12.Nxe4 dxe4 13.Bxe4 Bb5 14.Bg2 Qf5 15.
Be3 Bxf1 16.Bxf1 Kb8 17.Qa4 c6 18.Rd1 Rd7 19.Rd3 Rhd8 20.Ra3 a6 21.Rb3 
Bxd4 22.Bxd4 Qe4 23.Qxa6 Qxd4 24.Qb6 Re8 25.Ra3 Rd5 26.Qa7+ Kc7 27.Rb3 Rb8
28.Qb6+ Kd7 29.Rd3 Qe4 30.Re3 Qa4 31.b4 Rd1 32.Kg2 Qxa2 33.Be2 Qb1 34.b5 
Rg1+ 35.Kh3 h5 36.Rd3+ Ke6 37.Qc7 g4+ 38.Kh4 Rf8 39.Rd6+ 1-0

[Event "28th Capablanca Memorial"]
[Site "Cuba"]
[Date "1993.??.??"]
[Round "1"]
[White "Vera Gonzalez, Reynaldo"]
[Black "Vilela, Jose Luis"]
[Result "1-0"]
[WhiteElo "2515"]
[BlackElo "2430"]
[EventDate "1993.??.??"]
[PlyCount "121"]

1.d4 Nf6 2.c4 e6 3.Nc3 d5 4.Nf3 Bb4 5.cxd5 exd5 6.Bg5 Nbd7 7.Rc1 O-O 8.e3 
c6 9.Bd3 Re8 10.O-O Be7 11.Qc2 g6 12.Rfe1 Nf8 13.Bxf6 Bxf6 14.b4 a6 15.Na4
Ne6 16.Nc5 Nxc5 17.bxc5 Bg4 18.Nd2 Re7 19.h3 Be6 20.f4 Qc7 21.Nf3 Rae8 22.
Qf2 Bc8 23.Re2 Bg7 24.Rce1 Qa5 25.Bb1 Qa3 26.Ne5 f6 27.Nf3 Qc3 28.g4 a5 
29.Kg2 a4 30.e4 dxe4 31.Bxe4 Kf8 32.f5 g5 33.Bc2 Rxe2 34.Rxe2 Rxe2 35.Qxe2
Qb2 36.Qc4 h5 37.Qxa4 h4 38.Qb3 Qc1 39.a4 Qf4 40.Bb1 Qg3+ 41.Kf1 Qxh3+ 42.
Ke2 Qxg4 43.Ba2 Qe4+ 44.Kf2 Qd5 45.Qxd5 cxd5 46.Bxd5 Ke7 47.Be4 Kd8 48.Nh2
Bf8 49.Ng4 Be7 50.Ne3 Kd7 51.Kf3 Bd8 52.Nd5 Ke8 53.Nb6 Bxb6 54.cxb6 Ke7 
55.a5 Kd6 56.Kg4 Ke7 57.Bd5 h3 58.Be4 h2 59.Kg3 Bxf5 60.Bxb7 Bc8 61.Bg2 
1-0

[Event "28th Capablanca Memorial"]
[Site "Cuba"]
[Date "1993.??.??"]
[Round "2"]
[White "Vilela, Jose Luis"]
[Black "Gonzalez Bautista, Juan"]
[Result "0-1"]
[WhiteElo "2430"]
[BlackElo "2460"]
[EventDate "1993.??.??"]
[PlyCount "68"]

1.Nf3 e6 2.c4 Nf6 3.Nc3 Bb4 4.Qc2 c5 5.a3 Ba5 6.d4 cxd4 7.Nxd4 Bb6 8.Ndb5 
d5 9.Na4 Bxf2+ 10.Kxf2 a6 11.Nbc3 dxc4 12.Ke1 Nbd7 13.Ne4 b5 14.Nd6+ Ke7 
15.Nxc8+ Rxc8 16.Nc3 Qa5 17.Bd2 Qb6 18.Bg5 h6 19.Bh4 Rhd8 20.Rd1 Nc5 21.
Rxd8 Rxd8 22.Bf2 Ng4 23.Bg1 Qd6 24.e4 Ne5 25.Bxc5 Qxc5 26.Qf2 Qxf2+ 27.
Kxf2 Rd2+ 28.Be2 Rxb2 29.Rb1 Rc2 30.Nd1 Ra2 31.Ne3 Rxa3 32.h3 Ra2 33.g4 g5
34.Nd1 b4 0-1

[Event "28th Capablanca Memorial"]
[Site "Cuba"]
[Date "1993.??.??"]
[Round "2"]
[White "Spangenberg, Hugo"]
[Black "Vera Gonzalez, Reynaldo"]
[Result "0-1"]
[WhiteElo "2505"]
[BlackElo "2515"]
[EventDate "1993.??.??"]
[PlyCount "60"]

1.e4 c5 2.Nc3 e6 3.Nf3 d6 4.g3 Nf6 5.Bg2 Be7 6.O-O O-O 7.d4 cxd4 8.Nxd4 a6
9.a4 Nc6 10.Nb3 Rb8 11.a5 b5 12.axb6 Qxb6 13.Be3 Qc7 14.f4 Rd8 15.Qe2 d5 
16.e5 Nd7 17.Bxd5 Ndxe5 18.Be4 Nd7 19.Qg2 Nb4 20.Ra5 Nf6 21.Bf3 Nxc2 22.
Qxc2 Rxb3 23.Rfa1 Rb8 24.Qf2 Bb4 25.R5a4 Rd3 26.Ba7 Rxf3 27.Bxb8 Qc6 28.
Rxa6 Bxa6 29.Rxa6 Qxa6 30.Qxf3 Qb6+ 0-1

[Event "28th Capablanca Memorial"]
[Site "Cuba"]
[Date "1993.??.??"]
[Round "3"]
[White "Zapata Ramirez, Alonso"]
[Black "Vilela, Jose Luis"]
[Result "1-0"]
[WhiteElo "2580"]
[BlackElo "2430"]
[EventDate "1993.??.??"]
[PlyCount "145"]

1.e4 c5 2.Nf3 Nc6 3.d4 cxd4 4.Nxd4 g6 5.Nc3 Bg7 6.Be3 Nf6 7.Bc4 O-O 8.Bb3 
a5 9.f3 d5 10.Bxd5 Nxd5 11.exd5 Nb4 12.Nde2 Bf5 13.Rc1 b5 14.a3 Nxc2+ 15.
Rxc2 Bxc2 16.Qxc2 b4 17.Na4 Qxd5 18.Nb6 Qe6 19.Kf2 Rab8 20.Nf4 Qa2 21.axb4
axb4 22.Qb1 Qxb1 23.Rxb1 Rfd8 24.Nfd5 Rb7 25.b3 e6 26.Nf4 Ra7 27.Na4 Rc7 
28.Ne2 Rc2 29.Rc1 Ra2 30.Rc4 Bf8 31.Rd4 Rc8 32.Rd2 Rcc2 33.Rxc2 Rxc2 34.
Ke1 e5 35.Kd1 Rc6 36.Nc1 f6 37.Nd3 Rc7 38.Bc5 Bxc5 39.Naxc5 Kf7 40.Kd2 Rc6
41.Na4 Rd6 42.Ke3 Rd5 43.Nb6 Rb5 44.Nc4 Ke6 45.Kd2 f5 46.Ne3 e4 47.fxe4 
fxe4 48.Nf4+ Ke5 49.Ne2 Rb8 50.Nc4+ Kd5 51.Ke3 Re8 52.Nf4+ Kc5 53.Nd2 Ra8 
54.Nxe4+ Kb5 55.Ne2 Ra1 56.Nd4+ Kb6 57.Nf3 Kc6 58.Kd4 Ra2 59.g3 Rc2 60.h4 
Kb6 61.Nfg5 h5 62.Nf3 Rc1 63.Ne5 Rd1+ 64.Kc4 Re1 65.Nd7+ Ka5 66.Kd5 Re3 
67.Ndc5 Re1 68.Kc6 Rf1 69.Nd6 Rf6 70.Kc7 Rf3 71.Kb7 Rxg3 72.Kc6 Rxb3 73.
Ndb7# 1-0

[Event "28th Capablanca Memorial"]
[Site "Cuba"]
[Date "1993.??.??"]
[Round "4"]
[White "Vilela, Jose Luis"]
[Black "Henao, Raul Fernando"]
[Result "1/2-1/2"]
[WhiteElo "2430"]
[BlackElo "2405"]
[EventDate "1993.??.??"]
[PlyCount "23"]

1.Nf3 Nf6 2.c4 g6 3.Nc3 d5 4.cxd5 Nxd5 5.e4 Nxc3 6.dxc3 Qxd1+ 7.Kxd1 f6 8.
Be3 e5 9.Bc4 Nd7 10.Nd2 Bc5 11.Bxc5 Nxc5 12.b4 1/2-1/2

[Event "28th Capablanca Memorial"]
[Site "Cuba"]
[Date "1993.??.??"]
[Round "4"]
[White "Nogueiras Santiago, Jesus"]
[Black "Aldama, Degurnay"]
[Result "1-0"]
[WhiteElo "2570"]
[BlackElo "2470"]
[EventDate "1993.??.??"]
[PlyCount "121"]

1.d4 Nf6 2.Nf3 g6 3.g3 Bg7 4.Bg2 O-O 5.O-O d6 6.b3 c5 7.Bb2 Ne4 8.c4 Nc6 
9.e3 Qa5 10.h3 Rb8 11.Qe2 a6 12.d5 Bxb2 13.Qxb2 Nd8 14.Nfd2 Nxd2 15.Nxd2 
b5 16.Qc2 Bd7 17.a3 Nb7 18.f4 bxc4 19.bxc4 f5 20.Rfb1 Qc7 21.Qb2 Na5 22.
Qc3 Rbe8 23.Rb2 Nb7 24.Qb3 Na5 25.Qb6 Qxb6 26.Rxb6 Ra8 27.Rab1 Ba4 28.R6b2
Kg7 29.Kf2 Ra7 30.Ke2 Rc8 31.Kd3 Rcc7 32.Bf3 Rcb7 33.Rb6 h6 34.h4 Kf8 35.
Kc3 Bd7 36.Bd1 Kg7 37.Bc2 Kf6 38.Nf3 Rxb6 39.Rxb6 Rb7 40.Ne5 Bc8 41.Rxa6 
Rb3+ 42.Bxb3 Bxa6 43.Nc6 Nxb3 44.Kxb3 e6 45.a4 exd5 46.cxd5 Be2 47.a5 Bf3 
48.Kc4 Be2+ 49.Kc3 Bf3 50.e4 Bxe4 51.Kc4 Bf3 52.Kb5 g5 53.hxg5+ hxg5 54.a6
Be2+ 55.Kb6 Bxa6 56.Kxa6 gxf4 57.gxf4 Kg6 58.Kb6 Kh5 59.Kc7 Kg4 60.Kxd6 
Kxf4 61.Kxc5 1-0

[Event "28th Capablanca Memorial"]
[Site "Cuba"]
[Date "1993.??.??"]
[Round "4"]
[White "Magem Badals, Jordi"]
[Black "Hernandez, Gilberto"]
[Result "0-1"]
[WhiteElo "2510"]
[BlackElo "2505"]
[EventDate "1993.??.??"]
[PlyCount "144"]

1.e4 c5 2.Nf3 e6 3.b3 d6 4.Bb2 Nf6 5.Nc3 Be7 6.d4 cxd4 7.Nxd4 a6 8.g3 b5 
9.a3 Bb7 10.Bg2 O-O 11.O-O Qc7 12.h3 Nc6 13.Nde2 Rfd8 14.Qd2 Rab8 15.g4 h6
16.Rad1 b4 17.axb4 Nxb4 18.Nf4 Rbc8 19.Qe2 a5 20.Rfe1 Ne8 21.Nd3 Ba6 22.
Qd2 Bf6 23.Nxb4 axb4 24.Na4 Bxb2 25.Nxb2 Qxc2 26.Nd3 Bxd3 27.Qxd3 Rc3 28.
Qxc2 Rxc2 29.Rd4 Rb8 30.Bf1 Rc3 31.Bc4 Rxh3 32.Bd3 Rf3 33.Ra1 Rf4 34.Ra4 
Rxg4+ 35.Kf1 f5 36.Rdxb4 Rxb4 37.Rxb4 fxe4 38.Bxe4 Nf6 39.Rb8+ Kf7 40.Rb7+
Kf8 41.Rb8+ Ke7 42.Rb7+ Kd8 43.Bc6 Kc8 44.b4 Nd5 45.b5 Nb4 46.Bh1 Nd5 47.
Rf7 g6 48.Ra7 h5 49.Bg2 Rg5 50.Bf3 Kd8 51.Be4 Nc3 52.b6 Nxe4 53.Ra8+ Ke7 
54.b7 Rb5 55.b8=Q Rxb8 56.Rxb8 e5 57.Kg2 Nf6 58.Kg3 g5 59.f3 Ke6 60.Rb6 
Ke7 61.Rb7+ Ke6 62.Rb6 Ke7 63.Rb7+ Nd7 64.Ra7 d5 65.Ra6 Nf6 66.Ra7+ Ke6 
67.Rg7 Kf5 68.Rf7 d4 69.Kg2 g4 70.fxg4+ hxg4 71.Kg3 d3 72.Kf2 g3+ 0-1

[Event "28th Capablanca Memorial"]
[Site "Cuba"]
[Date "1993.??.??"]
[Round "4"]
[White "Hebden, Mark"]
[Black "Zarnicki, Pablo"]
[Result "0-1"]
[WhiteElo "2520"]
[BlackElo "2470"]
[EventDate "1993.??.??"]
[PlyCount "48"]

1.d4 Nf6 2.Nf3 e6 3.Bg5 c5 4.c3 Be7 5.Nbd2 b6 6.e4 d5 7.e5 Nfd7 8.h4 Ba6 
9.c4 cxd4 10.cxd5 exd5 11.Bxa6 Nxa6 12.O-O O-O 13.Nb3 Bxg5 14.hxg5 Re8 15.
Nbxd4 Rc8 16.Re1 Ndc5 17.Nb5 Ne4 18.Nxa7 Rc5 19.Qb3 Qd7 20.Qxb6 Re6 21.Qb3
Qxa7 22.Rad1 h6 23.gxh6 Rc3 24.h7+ Kh8 0-1

[Event "28th Capablanca Memorial"]
[Site "Cuba"]
[Date "1993.??.??"]
[Round "4"]
[White "Howell, James"]
[Black "Gonzalez Bautista, Juan"]
[Result "1-0"]
[WhiteElo "2470"]
[BlackElo "2460"]
[EventDate "1993.??.??"]
[PlyCount "71"]

1.e4 c5 2.Nf3 e6 3.d4 cxd4 4.Nxd4 a6 5.c4 Ne7 6.Nc3 Nec6 7.Be2 Be7 8.O-O 
O-O 9.Be3 d6 10.Rc1 Nd7 11.Qd2 Nf6 12.Rfd1 Bd7 13.Nb3 b6 14.f4 Rb8 15.Bf3 
Kh8 16.Kh1 Re8 17.Qf2 e5 18.Nd5 Nxd5 19.cxd5 Na5 20.fxe5 Nxb3 21.axb3 dxe5
22.Be2 f5 23.d6 Bh4 24.g3 Bg5 25.Rc2 f4 26.gxf4 exf4 27.Bxf4 Rf8 28.Bxg5 
Rxf2 29.Bxd8 Rxd8 30.Rf1 Rxf1+ 31.Bxf1 b5 32.e5 Be6 33.Rc7 Bd5+ 34.Bg2 
Bxg2+ 35.Kxg2 Kg8 36.Kf3 1-0

[Event "28th Capablanca Memorial"]
[Site "Cuba"]
[Date "1993.??.??"]
[Round "5"]
[White "Zapata Ramirez, Alonso"]
[Black "Howell, James"]
[Result "1/2-1/2"]
[WhiteElo "2580"]
[BlackElo "2470"]
[EventDate "1993.??.??"]
[PlyCount "39"]

1.e4 e5 2.Nf3 Nf6 3.Nxe5 d6 4.Nf3 Nxe4 5.d4 d5 6.Bd3 Nc6 7.O-O Bg4 8.Re1 
Be7 9.c4 Nf6 10.cxd5 Bxf3 11.Qxf3 Qxd5 12.Qxd5 Nxd5 13.Be4 O-O-O 14.Nc3 
Bb4 15.Bxd5 Rxd5 16.Nxd5 Bxe1 17.Nxc7 Bxf2+ 18.Kxf2 Kxc7 19.Bf4+ Kd7 20.
Rd1 1/2-1/2

[Event "28th Capablanca Memorial"]
[Site "Cuba"]
[Date "1993.??.??"]
[Round "5"]
[White "Aldama, Degurnay"]
[Black "Hebden, Mark"]
[Result "0-1"]
[WhiteElo "2470"]
[BlackElo "2520"]
[EventDate "1993.??.??"]
[PlyCount "90"]

1.e4 e5 2.Nf3 Nc6 3.Bb5 a6 4.Ba4 Nf6 5.O-O Be7 6.d3 b5 7.Bb3 d6 8.a4 Na5 
9.axb5 Nxb3 10.cxb3 O-O 11.Nc3 Bb7 12.bxa6 Rxa6 13.Ra4 h6 14.Re1 Re8 15.d4
exd4 16.Nxd4 Bf8 17.f3 g6 18.Be3 Ra8 19.Nc2 Bg7 20.Qd2 Kh7 21.Rd1 Nd7 22.
Bd4 Ne5 23.Ne3 Rb8 24.Ba7 Rc8 25.Ned5 Bc6 26.Raa1 Ra8 27.Bf2 Rb8 28.Qc2 
Rb7 29.Ra6 Bd7 30.Rda1 c6 31.Nb6 Be6 32.Ra8 Qe7 33.Rxe8 Qxe8 34.Qd2 Qb8 
35.Ra8 Qc7 36.Nca4 Bxb3 37.Rc8 Qe7 38.h3 Bxa4 39.Nxa4 Qd7 40.Ra8 Qxh3 41.
Qxd6 Nxf3+ 42.gxf3 Rd7 43.Qxd7 Qxd7 44.Kf1 Bd4 45.Bxd4 Qxd4 0-1

[Event "28th Capablanca Memorial"]
[Site "Cuba"]
[Date "1993.??.??"]
[Round "5"]
[White "Zarnicki, Pablo"]
[Black "Magem Badals, Jordi"]
[Result "1/2-1/2"]
[WhiteElo "2470"]
[BlackElo "2510"]
[EventDate "1993.??.??"]
[PlyCount "61"]

1.e4 c6 2.d4 d5 3.Nc3 dxe4 4.Nxe4 Bf5 5.Ng3 Bg6 6.h4 h6 7.Nf3 Nf6 8.h5 Bh7
9.Bd3 Bxd3 10.Qxd3 e6 11.Bf4 Bd6 12.Ne5 Qc7 13.O-O-O Nbd7 14.Ne4 Nxe4 15.
Qxe4 O-O-O 16.Bg3 Nxe5 17.dxe5 Bc5 18.Qg4 Rhg8 19.Rxd8+ Qxd8 20.Qf3 Qc7 
21.Rd1 Rd8 22.Rxd8+ Kxd8 23.Qg4 Qa5 24.c3 Bf8 25.Qd4+ Ke8 26.Bh4 Bc5 27.
Qc4 Qb6 28.Qf4 Be7 29.Bxe7 Kxe7 30.b4 c5 31.Qc4 1/2-1/2

[Event "28th Capablanca Memorial"]
[Site "Cuba"]
[Date "1993.??.??"]
[Round "6"]
[White "Magem Badals, Jordi"]
[Black "Vilela, Jose Luis"]
[Result "1-0"]
[WhiteElo "2510"]
[BlackElo "2430"]
[EventDate "1993.??.??"]
[PlyCount "81"]

1.e4 e6 2.d4 d5 3.Nc3 Bb4 4.exd5 exd5 5.Bd3 Nc6 6.a3 Be7 7.Nce2 Bf6 8.c3 
Nge7 9.Ng3 g6 10.Bh6 Ng8 11.Bf4 h5 12.h3 Be6 13.Nf3 Qd7 14.Qc2 Nge7 15.
O-O-O h4 16.Nf1 Bf5 17.Ne3 Bxd3 18.Qxd3 Bg7 19.Bg5 f6 20.Bxh4 O-O-O 21.Kb1
b6 22.Rhe1 Kb7 23.Re2 Rhf8 24.Bg3 Rf7 25.Nh4 f5 26.Bf4 Na5 27.Bg5 Bf6 28.
Nf3 Bxg5 29.Nxg5 Rf6 30.Nf3 Nc8 31.Ne5 Qa4 32.Qc2 Qb5 33.f3 Rdd6 34.b4 Nc4
35.N5xc4 dxc4 36.a4 Qc6 37.b5 Qd7 38.Nxc4 Rd5 39.Ne5 Qd6 40.Nc6 Rf7 41.c4 
1-0

[Event "28th Capablanca Memorial"]
[Site "Cuba"]
[Date "1993.??.??"]
[Round "6"]
[White "Howell, James"]
[Black "Henao, Raul Fernando"]
[Result "1-0"]
[WhiteElo "2470"]
[BlackElo "2405"]
[EventDate "1993.??.??"]
[PlyCount "53"]

1.e4 c5 2.Nf3 d6 3.d4 cxd4 4.Nxd4 Nf6 5.Nc3 g6 6.Be3 Bg7 7.f3 Nc6 8.Qd2 
O-O 9.O-O-O e6 10.Nxc6 bxc6 11.Qxd6 Nd7 12.Qxc6 Rb8 13.Bc4 Qa5 14.Bb3 Nb6 
15.Qc5 Qa6 16.Bd4 Bxd4 17.Rxd4 Nd7 18.Qe7 Qb6 19.Rhd1 Rb7 20.Kb1 Nc5 21.
Qf6 Bd7 22.h4 a5 23.h5 gxh5 24.Qg5+ Kh8 25.Rd6 Qc7 26.Qf6+ Kg8 27.R6d5 1-0

[Event "28th Capablanca Memorial"]
[Site "Cuba"]
[Date "1993.??.??"]
[Round "6"]
[White "Hebden, Mark"]
[Black "Vera Gonzalez, Reynaldo"]
[Result "1-0"]
[WhiteElo "2520"]
[BlackElo "2515"]
[EventDate "1993.??.??"]
[PlyCount "83"]

1.d4 Nf6 2.Nf3 c5 3.d5 g6 4.Nc3 Bg7 5.e4 O-O 6.h3 d6 7.a4 e6 8.Be2 exd5 9.
exd5 Bf5 10.Nd2 Na6 11.Nc4 Re8 12.Ne3 Bd7 13.O-O Qe7 14.Bf3 Nc7 15.Bd2 Qf8
16.Re1 b6 17.Nc4 Rxe1+ 18.Qxe1 Nfe8 19.Bg5 f6 20.Bf4 f5 21.Qd2 h6 22.h4 
Rd8 23.Be2 Kh7 24.g3 Bc8 25.Nb5 Bb7 26.Bf3 Qg8 27.Ncxd6 Nxb5 28.Nxb5 a6 
29.Nc3 Rd7 30.Qd3 Qf7 31.Re1 Nf6 32.d6 Bxf3 33.Qxf3 Nh5 34.Be5 Bxe5 35.
Rxe5 Rxd6 36.Qe2 Rd7 37.Qxa6 f4 38.g4 Nf6 39.f3 Kg7 40.Qxb6 Rb7 41.Qd6 c4 
42.g5 1-0

[Event "28th Capablanca Memorial"]
[Site "Cuba"]
[Date "1993.??.??"]
[Round "7"]
[White "Vilela, Jose Luis"]
[Black "Spangenberg, Hugo"]
[Result "1/2-1/2"]
[WhiteElo "2430"]
[BlackElo "2505"]
[EventDate "1993.??.??"]
[PlyCount "105"]

1.Nf3 d6 2.d4 Bg4 3.Nbd2 Nf6 4.c3 Nbd7 5.h3 Bh5 6.g4 Bg6 7.Nh4 c6 8.Bg2 d5
9.g5 Nh5 10.Nxg6 hxg6 11.e3 e5 12.h4 Bd6 13.dxe5 Nxe5 14.Nf3 Qe7 15.Nxe5 
Bxe5 16.Bd2 Bd6 17.Qe2 f5 18.Bf3 O-O-O 19.O-O-O Qe6 20.Kb1 Kb8 21.Rc1 Bc5 
22.Rce1 Qf7 23.Bc1 Rhe8 24.Qc2 Re7 25.Re2 Rde8 26.Rhe1 Bb6 27.b3 Ba5 28.
Ba3 Re6 29.Rd1 f4 30.e4 dxe4 31.Rxe4 Bc7 32.Rde1 a6 33.Rxe6 Rxe6 34.Rxe6 
Qxe6 35.Qe4 Qh3 36.Bc5 Bd8 37.Bxh5 gxh5 38.Qxf4+ Kc8 39.Bd4 Qe6 40.Kc2 g6 
41.Kd2 b5 42.Qf8 Kd7 43.Qg7+ Kc8 44.Qa7 a5 45.Qa8+ Kd7 46.Qb7+ Ke8 47.Qg7 
Be7 48.Qe5 Kd7 49.Qb8 a4 50.Qb7+ Ke8 51.Qb8+ Kd7 52.Qb7+ Ke8 53.Qb8+ 
1/2-1/2

[Event "28th Capablanca Memorial"]
[Site "Cuba"]
[Date "1993.??.??"]
[Round "7"]
[White "Hernandez, Gilberto"]
[Black "Howell, James"]
[Result "1/2-1/2"]
[WhiteElo "2505"]
[BlackElo "2470"]
[EventDate "1993.??.??"]
[PlyCount "75"]

1.e4 e5 2.Nf3 Nf6 3.d4 Nxe4 4.Bd3 d5 5.Nxe5 Nd7 6.Nxd7 Bxd7 7.O-O Qh4 8.c4
O-O-O 9.c5 g5 10.Nc3 Bg7 11.g3 Qh3 12.Nxe4 dxe4 13.Bxe4 Bb5 14.Bg2 Qf5 15.
Be3 Bxf1 16.Bxf1 Rhe8 17.Qa4 Kb8 18.Rd1 c6 19.Rd3 Qe4 20.Ra3 a6 21.Bd3 Qd5
22.Bxa6 Bxd4 23.Bxb7 Bxc5 24.Bxc6 Qd1+ 25.Kg2 Qxa4 26.Rxa4 Rxe3 27.fxe3 
Rd2+ 28.Kf3 Rxb2 29.h3 f6 30.Be4 h5 31.Bg6 g4+ 32.hxg4 hxg4+ 33.Rxg4 Rxa2 
34.Rc4 Ra5 35.g4 Kc7 36.Bf5 Kd8 37.Re4 Bd6 38.Rd4 1/2-1/2

[Event "28th Capablanca Memorial"]
[Site "Cuba"]
[Date "1993.??.??"]
[Round "7"]
[White "Gonzalez Bautista, Juan"]
[Black "Hebden, Mark"]
[Result "0-1"]
[WhiteElo "2460"]
[BlackElo "2520"]
[EventDate "1993.??.??"]
[PlyCount "80"]

1.d4 Nf6 2.c4 g6 3.Nc3 Bg7 4.e4 d6 5.Bd3 O-O 6.Nge2 Nbd7 7.Bc2 a6 8.a4 e5 
9.d5 a5 10.O-O Nc5 11.f3 c6 12.Be3 Na6 13.Rc1 Nb4 14.Bb1 Qe7 15.Na2 Nd7 
16.Nxb4 axb4 17.dxc6 bxc6 18.b3 Nc5 19.Bc2 Ne6 20.Qd2 c5 21.Rce1 Bb7 22.
Bh6 Bxh6 23.Qxh6 f6 24.Rf2 Rf7 25.h4 f5 26.exf5 gxf5 27.Ng3 Raf8 28.Nh5 
Kh8 29.f4 e4 30.Ng3 Rg8 31.Re3 Nd4 32.Bd1 Rg6 33.Qh5 Qf8 34.Bc2 Rh6 35.Qd1
Rxh4 36.Rd2 Qg7 37.Nh5 Qh6 38.Rxd4 Rxh5 39.Rxd6 Rh1+ 40.Kf2 Qxf4+ 0-1

[Event "28th Capablanca Memorial"]
[Site "Cuba"]
[Date "1993.??.??"]
[Round "7"]
[White "Aldama, Degurnay"]
[Black "Magem Badals, Jordi"]
[Result "1/2-1/2"]
[WhiteElo "2470"]
[BlackElo "2510"]
[EventDate "1993.??.??"]
[PlyCount "90"]

1.e4 c6 2.d4 d5 3.Nd2 dxe4 4.Nxe4 Bf5 5.Ng3 Bg6 6.Bc4 e6 7.N1e2 Nd7 8.Nf4 
Qh4 9.Be3 Bd6 10.Qd2 Nb6 11.Be2 Ne7 12.Nfh5 Bxh5 13.Nxh5 Nf5 14.O-O-O Nxe3
15.fxe3 g6 16.Nf4 e5 17.dxe5 Bxe5 18.Qb4 Qe7 19.Qxe7+ Kxe7 20.Nd3 Bd6 21.
e4 f6 22.g3 Rad8 23.b3 Ba3+ 24.Kb1 Rd4 25.c3 Rxe4 26.Bf3 Re3 27.Rhe1 Rxe1 
28.Rxe1+ Kf7 29.b4 Rd8 30.Kc2 Nc4 31.Re4 b5 32.Rd4 Rxd4 33.cxd4 a5 34.Bxc6
Bxb4 35.Bd5+ Ke7 36.Nxb4 axb4 37.Kb3 Ne3 38.Bh1 Nf5 39.Kxb4 Nxd4 40.Kc5 
Ne2 41.a3 Nc3 42.Kb4 Nb1 43.Bc6 Ke6 44.Bxb5 Nxa3 45.Kxa3 Kf5 1/2-1/2

[Event "28th Capablanca Memorial"]
[Site "Cuba"]
[Date "1993.??.??"]
[Round "8"]
[White "Nogueiras Santiago, Jesus"]
[Black "Henao, Raul Fernando"]
[Result "1-0"]
[WhiteElo "2570"]
[BlackElo "2405"]
[EventDate "1993.??.??"]
[PlyCount "85"]

1.d4 Nf6 2.Nf3 g6 3.g3 Bg7 4.Bg2 O-O 5.O-O d5 6.Nbd2 c5 7.dxc5 Nc6 8.Nb3 
e5 9.Bg5 h6 10.Bxf6 Bxf6 11.c3 Be6 12.e4 dxe4 13.Nfd2 e3 14.fxe3 Bg5 15.
Qe2 f5 16.h4 Bf6 17.Bh3 Bg7 18.e4 Qe7 19.h5 f4 20.Bxe6+ Qxe6 21.Qc4 Qxc4 
22.Nxc4 g5 23.Kg2 Rfd8 24.Rad1 Bf8 25.Rd5 Rxd5 26.exd5 Ne7 27.d6 Nf5 28.
gxf4 exf4 29.Nd4 Ng7 30.c6 bxc6 31.Nxc6 Ne6 32.d7 Nd8 33.N4a5 Bd6 34.Re1 
Kf7 35.Re8 Bc7 36.Nxd8+ Rxd8 37.Rxd8 Bxd8 38.Nc6 Bc7 39.Kf3 Ke6 40.d8=Q 
Bxd8 41.Nxd8+ Kf5 42.Nf7 g4+ 43.Ke2 1-0

[Event "28th Capablanca Memorial"]
[Site "Cuba"]
[Date "1993.??.??"]
[Round "8"]
[White "Aldama, Degurnay"]
[Black "Vera Gonzalez, Reynaldo"]
[Result "1/2-1/2"]
[WhiteElo "2470"]
[BlackElo "2515"]
[EventDate "1993.??.??"]
[PlyCount "94"]

1.e4 c5 2.Nf3 d6 3.d4 cxd4 4.Nxd4 Nf6 5.Nc3 a6 6.Bc4 e6 7.Bb3 Nbd7 8.Qe2 
Nc5 9.Bg5 Be7 10.O-O-O Nfxe4 11.Bxe7 Nxc3 12.Bxd8 Nxe2+ 13.Nxe2 Kxd8 14.
Rxd6+ Ke7 15.Rhd1 Bd7 16.Nc3 Nxb3+ 17.axb3 Bc6 18.g3 g5 19.R6d4 Rhd8 20.
Rxd8 Rxd8 21.Rxd8 Kxd8 22.Kd2 Ke7 23.Ke3 e5 24.Ne2 f5 25.f4 exf4+ 26.gxf4 
Kf6 27.c3 h6 28.Kf2 a5 29.Kg3 Be4 30.Nd4 Ke7 31.h4 g4 32.Kf2 Kd6 33.Ne2 
Bc2 34.Ng3 Ke6 35.Ne2 Kd5 36.Ke3 b6 37.Nd4 Be4 38.Ne2 Bc2 39.Nd4 Be4 40.
Ne2 Kc5 41.Ng3 Bb1 42.Ne2 b5 43.Ng3 a4 44.bxa4 bxa4 45.Nf1 Be4 46.Nd2 g3 
47.Ke2 Bd5 1/2-1/2

[Event "28th Capablanca Memorial"]
[Site "Cuba"]
[Date "1993.??.??"]
[Round "8"]
[White "Hebden, Mark"]
[Black "Zapata Ramirez, Alonso"]
[Result "0-1"]
[WhiteElo "2520"]
[BlackElo "2580"]
[EventDate "1993.??.??"]
[PlyCount "78"]

1.d4 Nf6 2.Nf3 g6 3.Nc3 d5 4.Bf4 Bg7 5.e3 O-O 6.Be2 c5 7.dxc5 Qa5 8.Nd2 
Qxc5 9.Nb3 Qb6 10.Nb5 Ne8 11.Qxd5 Bxb2 12.Rb1 Bg7 13.O-O Nc6 14.Nc5 Nf6 
15.Qc4 Na5 16.Qd4 Nh5 17.Qb4 Nxf4 18.exf4 Nc6 19.Qa3 Bf5 20.Nc3 Qc7 21.
Rxb7 Qa5 22.Nb1 Rfc8 23.Nb3 Qxa3 24.Nxa3 a5 25.Bf3 a4 26.Nd2 Nd4 27.Rxe7 
Nxf3+ 28.Nxf3 Bf8 29.Re3 Bc5 30.c4 Rab8 31.Rc3 Rb2 32.Nb5 Rd8 33.Rcc1 Rxa2
34.Nc3 Ra3 35.Nd5 Rb3 36.Rfd1 Kg7 37.Nd4 Bxd4 38.Rxd4 a3 39.Rd2 Bb1 0-1

[Event "28th Capablanca Memorial"]
[Site "Cuba"]
[Date "1993.??.??"]
[Round "8"]
[White "Howell, James"]
[Black "Vilela, Jose Luis"]
[Result "1-0"]
[WhiteElo "2470"]
[BlackElo "2430"]
[EventDate "1993.??.??"]
[PlyCount "79"]

1.e4 e6 2.d4 d5 3.Nd2 c5 4.exd5 Qxd5 5.Ngf3 cxd4 6.Bc4 Qd6 7.O-O Nf6 8.Nb3
Nc6 9.Nbxd4 Nxd4 10.Nxd4 Bd7 11.c3 Qc7 12.Qe2 Bd6 13.Nb5 Bxb5 14.Bxb5+ Ke7
15.g3 Rhd8 16.Qf3 Qb6 17.a4 a6 18.Be3 Qc7 19.Be2 a5 20.Rad1 Be5 21.Qg2 Nd5
22.Bc1 Bf6 23.Qe4 g6 24.Qf3 Bg7 25.Bg5+ Nf6 26.Bb5 h6 27.Bf4 Qb6 28.Be3 
Qc7 29.Qxb7 Nd5 30.Bc5+ Kf6 31.Qxc7 Nxc7 32.Rxd8 Rxd8 33.Bb6 Rc8 34.Bd7 
Rd8 35.Rd1 Ke7 36.Bxc7 Rxd7 37.Rxd7+ Kxd7 38.Bxa5 Kc6 39.Kf1 Kd5 40.b3 1-0

[Event "28th Capablanca Memorial"]
[Site "Cuba"]
[Date "1993.??.??"]
[Round "8"]
[White "Zarnicki, Pablo"]
[Black "Gonzalez Bautista, Juan"]
[Result "0-1"]
[WhiteElo "2470"]
[BlackElo "2460"]
[EventDate "1993.??.??"]
[PlyCount "98"]

1.e4 c5 2.Nf3 d6 3.d4 cxd4 4.Qxd4 a6 5.Bg5 Nc6 6.Qd2 Nf6 7.Bxf6 gxf6 8.c4 
h5 9.Nc3 Bd7 10.Be2 e6 11.O-O Be7 12.a3 h4 13.b4 h3 14.g3 Rc8 15.Qe3 Qc7 
16.Rab1 Ne5 17.Nxe5 dxe5 18.Rfd1 Kf8 19.Rd2 Be8 20.Rbd1 Kg7 21.c5 Rd8 22.
Qf3 Rxd2 23.Rxd2 b6 24.cxb6 Qxb6 25.Bf1 a5 26.b5 a4 27.Nxa4 Qa5 28.Qg4+ 
Kf8 29.Qd1 f5 30.exf5 Bxb5 31.Bxb5 Qxb5 32.fxe6 Qc6 33.f3 fxe6 34.Qc2 Qb7 
35.Qe4 Qxe4 36.fxe4 Kf7 37.Ra2 Kg6 38.Kf2 Rc8 39.Kf3 Kg5 40.Nb6 Rf8+ 41.
Ke2 Bc5 42.Kd3 Bxb6 43.a4 Rf2 44.Rxf2 Bxf2 45.a5 Kg4 46.Ke2 Ba7 47.a6 Bd4 
48.Kd2 Kf3 49.Kd3 Ba7 0-1

[Event "28th Capablanca Memorial"]
[Site "Cuba"]
[Date "1993.??.??"]
[Round "9"]
[White "Zapata Ramirez, Alonso"]
[Black "Zarnicki, Pablo"]
[Result "1-0"]
[WhiteElo "2580"]
[BlackElo "2470"]
[EventDate "1993.??.??"]
[PlyCount "83"]

1.e4 d5 2.exd5 Qxd5 3.Nc3 Qa5 4.Nf3 Nf6 5.d4 c6 6.Ne5 Be6 7.Bc4 Bxc4 8.
Nxc4 Qd8 9.O-O g6 10.Re1 Bg7 11.Qe2 b5 12.Ne5 O-O 13.Bg5 Qxd4 14.Rad1 Qb6 
15.Qf3 b4 16.Na4 Qb5 17.b3 Nd5 18.Nxc6 Qxc6 19.Qxd5 Qxd5 20.Rxd5 Nc6 21.
Rc5 Rac8 22.Re4 h6 23.Be3 Rfd8 24.Kf1 e5 25.Rec4 Rd6 26.Rxb4 f5 27.Rbc4 f4
28.Bc1 Rd1+ 29.Ke2 Rxc1 30.Rxc6 Rxc6 31.Rxc6 e4 32.Rc4 g5 33.Nc5 Rg1 34.g3
f3+ 35.Kd2 Rg2 36.Ke3 g4 37.Nxe4 Rxh2 38.Kf4 h5 39.Kg5 Be5 40.Kf5 Bb2 41.
c3 Bc1 42.Rc7 1-0

[Event "28th Capablanca Memorial"]
[Site "Cuba"]
[Date "1993.??.??"]
[Round "9"]
[White "Hernandez, Gilberto"]
[Black "Nogueiras Santiago, Jesus"]
[Result "1/2-1/2"]
[WhiteElo "2505"]
[BlackElo "2570"]
[EventDate "1993.??.??"]
[PlyCount "35"]

1.e4 d6 2.d4 g6 3.Nf3 Nf6 4.Nc3 Bg7 5.Be2 O-O 6.O-O c6 7.a4 Nbd7 8.Re1 e5 
9.a5 exd4 10.Nxd4 Re8 11.Bf3 Ne5 12.Be2 Ned7 13.f3 d5 14.exd5 Nxd5 15.Nxd5
cxd5 16.c3 Nc5 17.Bf4 Bd7 18.Bg3 1/2-1/2

[Event "28th Capablanca Memorial"]
[Site "Cuba"]
[Date "1993.??.??"]
[Round "9"]
[White "Henao, Raul Fernando"]
[Black "Hebden, Mark"]
[Result "0-1"]
[WhiteElo "2405"]
[BlackElo "2520"]
[EventDate "1993.??.??"]
[PlyCount "84"]

1.e4 e5 2.Nf3 Nc6 3.Bb5 a6 4.Ba4 Nf6 5.O-O Be7 6.Qe2 b5 7.Bb3 O-O 8.c3 d6 
9.d4 Bb7 10.Rd1 Nd7 11.a4 b4 12.a5 bxc3 13.bxc3 Bf6 14.Be3 Qe7 15.Nbd2 
exd4 16.cxd4 Nb4 17.Rac1 Rac8 18.Ba4 Rfd8 19.Rc4 d5 20.Rxb4 Qxb4 21.Bxd7 
dxe4 22.Ne1 Rxd7 23.Rb1 Qa4 24.Rxb7 Bxd4 25.Nc4 Bxe3 26.fxe3 Qa1 27.h3 Rd1
28.Kf2 Rc1 29.Nc2 Qc3 30.N2a3 Rd8 31.Kg3 Ra1 32.Qb2 Qe1+ 33.Kh2 h5 34.Nb1 
h4 35.Rb8 Rxb8 36.Qxb8+ Kh7 37.Ncd2 Qg3+ 38.Kh1 Qxe3 39.Qd8 Qe1+ 40.Kh2 
Qg3+ 41.Kg1 e3 42.Qd3+ g6 0-1